| 000 | 00556nam a2200157 i 4500 | ||
|---|---|---|---|
| 001 | 45349 | ||
| 003 | ES-MaACL | ||
| 005 | 20230906161214.0 | ||
| 007 | t| | ||
| 008 | 030325s1968 sp ||||1| spa d | ||
| 110 | 2 |
_aColegio Oficial de Arquitectos de Madrid. _92958 |
|
| 245 | 1 | 0 |
_aInforme sobre las atribuciones asignables a los técnicos de grado medio en la actividad de arquitectura / _cColegio Oficial de Arquitectos de Madrid. |
| 260 |
_a[Madrid : _bs.n., _c1968] ( _fHernández) |
||
| 300 |
_a86 p. ; _c22 cm. |
||
| 852 |
_aES-MaACL _jC-46942 _bR.66921 |
||
| 999 |
_c45349 _d45349 |
||